Countries Closest to Europe - Map Quiz - Statistics

General Stats
  • This quiz has been taken 1,820 times
    1,774 since last reset
  • The average score is 18 of 20
Answers on the Map
Answers color-coded by a green-red scale on the quiz's map according to % correct below.
 
Answer Stats
Answer % Correct
Egypt
97%
Morocco
97%
Algeria
96%
Libya
95%
Tunisia
95%
Turkey
95%
Cyprus
94%
Saudi Arabia
93%
Israel
92%
Kazakhstan
92%
Iran
91%
Jordan
90%
Lebanon
90%
Syria
90%
Iraq
88%
Azerbaijan
87%
Georgia
87%
Uzbekistan
87%
Armenia
84%
Turkmenistan
80%
No matching quizzes found
Score Distribution
Percent of People with Each Score
Percentile by Number Answered
Your Score History
You have not taken this quiz since the last reset